书目信息 |
| 题名: |
餐饮经营管理策略
|
|
| 作者: | 林德荣 编著 | |
| 分册: | ||
| 出版信息: | 北京 清华大学出版社 2007.10 |
|
| 页数: | 304页 | |
| 开本: | 26cm | |
| 丛书名: | ||
| 单 册: | ||
| 中图分类: | 130.140.1 , F719.3 | |
| 科图分类: | ||
| 主题词: | 商业经济--国内 | |
| 电子资源: | ||
| ISBN: | 7-302-16177-1 | |
| 000 | 00592nam0 2200205 450 | |
| 001 | 1839345455 | |
| 005 | 20181218105746.52 | |
| 010 | @a7-302-16177-1@dCNY28.00 | |
| 100 | @a20181218d2007 km y0chiy0120 ea | |
| 101 | 0 | @achi |
| 102 | @aCN@b110000 | |
| 200 | 1 | @a餐饮经营管理策略@Acan yin jing ying guan li ce lue@f林德荣编著@Flin de rong bian zhu |
| 210 | @a北京@c清华大学出版社@d2007.10 | |
| 215 | @a304页@d26cm | |
| 606 | 0 | @a商业经济@x国内 |
| 690 | @a130.140.1@v4 | |
| 690 | @aF719.3@v4 | |
| 701 | 0 | @a林德荣@Alin de rong@4编著 |
| 801 | 0 | @aCN@bMUSE@c20181218 |
| 905 | @aMUSE@dF719.3@eL495 | |
| 餐饮经营管理策略/林德荣编著.-北京:清华大学出版社,2007.10 |
| 304页;26cm |
| ISBN 7-302-16177-1:CNY28.00 |
| ● |
| 相关链接 |
|
|
|
正题名:餐饮经营管理策略
索取号:F719.3/L495
 
预约/预借
| 序号 | 登录号 | 条形码 | 馆藏地/架位号 | 状态 | 备注 |
| 1 | 1301401 | 213014012 | 社科库409/409社科库 46排6列2层/ [索取号:F719.3/L495] | 在馆 |